Карпухин; Друзья; Меньший среди братьев: повести и роман

التفاصيل البيبلوغرافية
المؤلف الرئيسي: Бакланов Г. Я. Григорий Яковлевич
مؤلفون آخرون: Цветков А. Е (иллюстратор)
الملخص:Писатель, широко известный своими произведениями о Великой Отечественной войне, и в этой книге, посвященной проблемам сегодняшнего дня, обращается к тем трудным годам. Главные герои ее - люди, прошедшие войну, свято хранящие память о погибших, глубоко ощущающие ответственность за судьбу молодого поколения.
اللغة:الروسية
منشور في: Москва, Советская Россия, 1989
سلاسل:Библиотечная серия
الموضوعات:
التنسيق: MixedMaterials كتاب
KOHA link:https://koha.lib.tpu.ru/cgi-bin/koha/opac-detail.pl?biblionumber=132344

MARC

LEADER 00000nam0a2200000 4500
001 132344
005 20231101220346.0
010 |a 5268002252 
020 |a RU  |b 89-11140 
035 |a (RuTPU)RU\TPU\book\143298 
090 |a 132344 
100 |a 20080303d1989 m a0rusy5003 ca 
101 0 |a rus 
102 |a RU 
105 |a a z 000ay 
200 1 |a Карпухин; Друзья; Меньший среди братьев  |e повести и роман  |f Г. Я. Бакланов  |g худож. А. Е Цветков 
210 |a Москва  |c Советская Россия  |d 1989 
215 |a 415 с.  |c портр. 
225 1 |a Библиотечная серия 
330 |a Писатель, широко известный своими произведениями о Великой Отечественной войне, и в этой книге, посвященной проблемам сегодняшнего дня, обращается к тем трудным годам. Главные герои ее - люди, прошедшие войну, свято хранящие память о погибших, глубоко ощущающие ответственность за судьбу молодого поколения. 
606 1 |a Русская литература современная  |2 stltpush  |3 (RuTPU)RU\TPU\subj\26373  |9 50316 
610 1 |a советская литература 
610 1 |a повести 
610 1 |a романы 
675 |a Р2  |z rus 
700 1 |a Бакланов  |b Г. Я.  |c русский писатель  |f 1923 -2009  |g Григорий Яковлевич  |2 stltpush  |3 (RuTPU)RU\TPU\pers\11895  |9 3004 
702 1 |a Цветков  |b А. Е  |4 440 
801 0 |a RU  |b RuMRKP  |c 19950417  |g psbo 
801 1 |a RU  |b 63413507  |c 20080303  |g PSBO 
801 2 |a RU  |b 63413507  |c 20210114  |g PSBO 
942 |c BK